000 00460nam a22001937a 4500
003 UA-OsUOA
001 48142
007 ta
008 20070830b un ||||| |||| 00| 0 ukr d
090 _bИ90
942 _cBK
040 _aUA-OsUOA
_cUA-OsUOA
_dUA-OsUOA
245 _aИсторико-литературный процесс
300 _a237 с.
955 _a2
260 _aЛенинград
_bНаука
_c1974
650 7 _2UDC
999 _c334252
_d334252